| 000 | 00520nam a2200169 a 4500 | ||
|---|---|---|---|
| 001 | 1575 | ||
| 003 | CDMR | ||
| 005 | 20130304173002.0 | ||
| 008 | 130130s1990||||||||||||||||||||||||||||d | ||
| 020 | _a8486377757 | ||
| 040 |
_aCDMR _bcat _cCPC GIRONA |
||
| 100 | 1 |
_91180 _aDuran, Montserrat |
|
| 245 | 1 | 0 |
_aHostalric _cMontserrat Duran i Xamaní, Josep Juanhuix i Vilabella, Ramón Reyero i Pla |
| 260 |
_c1990 _bDiputació de Girona _bCaixa Girona _aGirona |
||
| 490 | 0 |
_aQuaderns de la Revista de Girona _v31 |
|
| 942 |
_cMON _2ddc |
||
| 999 |
_c1575 _d1575 |
||